Online
Catalog

Qué es verdaderamente El expresionismo / (Record no. 22986)

MARC details
000 -CABECERA
campo de control de longitud fija 00902nam a2200253 a 4500
001 - NÚMERO DE CONTROL
campo de control 000023490
005 - FECHA Y HORA DE LA ÚLTIMA TRANSACCIÓN
campo de control 20200930022245.0
008 - DATOS DE LONGITUD FIJA--INFORMACIÓN GENERAL
campo de control de longitud fija 101209s1971 sp r 000 0 spa d
040 ## - FUENTE DE LA CATALOGACIÓN
Centro catalogador/agencia de origen DO-SdBNP
Lengua de catalogación spa
Centro/agencia transcriptor BNPHU
041 17 - CÓDIGO DE LENGUA
Código de lengua del texto/banda sonora o título independiente spa
Código de lengua original ita
Fuente del código Código de idioma MARC
082 ## - NÚMERO DE LA CLASIFICACIÓN DECIMAL DEWEY
Número de clasificación 709.04042
Número de documento/Ítem P724e
049 ## - FONDOS LOCALES (OCLC)
Fondos de biblioteca BNGR
100 1# - ENTRADA PRINCIPAL--NOMBRE DE PERSONA
Nombre de persona Plebe, Armando,
Fechas asociadas al nombre 1972-
9 (RLIN) 48400
240 10 - TÍTULO UNIFORME
Título uniforme Che cosa e'l'espressionismo.
Lenguaje de la obra Español.
245 10 - MENCIÓN DE TÍTULO
Título Qué es verdaderamente El expresionismo /
Mención de responsabilidad, etc. Armando Plebe ; traducción española por A. Sánchez-Gijón.
260 ## - PUBLICACIÓN, DISTRIBUCIÓN, ETC.
Lugar de publicación, distribución, etc. Madrid, (España) :
Nombre del editor, distribuidor, etc. Doncel,
Fecha de publicación, distribución, etc. 1971.
300 ## - DESCRIPCIÓN FÍSICA
Extensión 140, [1] p. ;
Dimensiones 18 cm.
490 1# - MENCIÓN DE SERIE
Mención de serie Qué es verdaderamente
Designación de volumen o secuencia 3
534 ## - NOTA SOBRE LA VERSIÓN ORIGINAL
Encabezamiento principal del original Título original:
Mención de título del original Che cosa e'l'espressionismo.
650 #4 - PUNTO DE ACCESO ADICIONAL DE MATERIA--TÉRMINO DE MATERIA
Término de materia o nombre geográfico como elemento de entrada Expresionismo (arte)
9 (RLIN) 48401
650 #4 - PUNTO DE ACCESO ADICIONAL DE MATERIA--TÉRMINO DE MATERIA
Término de materia o nombre geográfico como elemento de entrada Expresionismo
9 (RLIN) 48402
700 1# - PUNTO DE ACCESO ADICIONAL--NOMBRE DE PERSONA
Nombre de persona Sánchez-Gijón, Ángel
Término indicativo de función/relación tr.
9 (RLIN) 48403
830 #0 - PUNTO DE ACCESO ADICIONAL DE SERIE-TÍTULO UNIFORME
Título uniforme Qué es verdaderamente ;
Designación de volumen o secuencia 3
9 (RLIN) 17012
Holdings
Estado de retiro Estado de pérdida Restricciones de uso No para préstamo Código de colección Localización permanente Ubicación/localización actual Ubicación en estantería Fecha de adquisición Número de inventario Total de préstamos Signatura topográfica completa Código de barras Fecha visto por última vez Precio válido a partir de Tipo de ítem Koha Número de copia
        Monografías: Libros y Folletos General General En catalogación 09.12.2010 LF1   709.04042 P724e 23490-10 25.06.2020 25.06.2020 Préstamo en sala  
      Préstamo restrigido Monografías: Libros y Folletos General General En catalogación 09.12.2010 LF1   709.04042 P724e 23490-20 25.06.2020 25.06.2020 Préstamo en sala e.2

Powered by Koha